000 00527nam a2200181Ia 4500
001 17316
005 20260306171508.0
008 260306s9999||||xx |||||||||||||| ||und||
041 _aESP
082 _a657.61
_bR31 T. 2
100 _aParedes Réategui, Carlos [1951-...]
_eAUT
245 0 _aNormas internacionales de contabilidad:
_bNormas internacionales de información financiera. Interpretaciones SIC y CINIIF
260 _c2009
300 _a
_c25 cm.
650 _aGEN
654 _aCCO
942 _cLIB
_dJUS
_fJUS
_2ddc
_n
999 _c17316
_d17316